000 00620nam a2200217Ia 4500
003 OSt
005 20230317112412.0
008 210423s2005 xx 000 0 und d
020 _a9788181283832
040 _cAL
041 _aeng
082 _a540.678 PREE
100 _aPRETSCH (E);others.
_942008
245 _aStructure determination of organic compounds: tables of spectral data.
250 _a3
260 _aNew Delhi
_bSpringer Pvt Ltd
_c2005
300 _axv,421
_bPB
365 _b895
_cINR
906 _acompounds: ; data. ; determination ; organic ; spectral ; Structure ; tables
942 _2ddc
_cBK
999 _c154681
_d154681